| 000 | 00744nam a22002057a 4500 | ||
|---|---|---|---|
| 003 | OSt | ||
| 005 | 20251129090231.0 | ||
| 008 | 251129b |||||||| |||| 00| 0 eng d | ||
| 020 | _a1-85604-496-3 | ||
| 040 |
_aDWC-Main lib _cOC |
||
| 082 |
_2Revised edition _aRes. 025.2 C466 2004 |
||
| 100 | _aChapman, L. | ||
| 245 |
_aManaging acquisitions in library and information services, revised edition _cChapman, Liz |
||
| 250 | _aRevised edition | ||
| 260 |
_aLondon : _b Facet Publishing, _cc2004 |
||
| 300 |
_av, 150 pages : _c23 cm. |
||
| 504 | _aIncludes bibliographical references and index | ||
| 650 | _2Acquisition (Libraries) | ||
| 942 |
_2ddc _cBK-0 CIRC _eRevised edition _hRes. 025.2 C466 2004 _kRes. _n0 |
||
| 999 |
_c6581 _d6581 |
||